Evolució de la plantilla de la Diputació de Barcelona : 1987 - 2001 1987 - 2001
Descripción Física:
[44] p. : il. col., taules, gràf. ; 21 x 30 cm
MARC
| LEADER | 00000nam a2200000Ia 4500 | ||
|---|---|---|---|
| 001 | 16771 | ||
| 008 | 160829s9999 xx 000 0 cat d | ||
| 080 | |a FU-44-34 | ||
| 245 | |a Evolució de la plantilla de la Diputació de Barcelona : |b 1987 - 2001 | ||
| 260 | |a [Barcelona] : |b Diputació de Barcelona, Direcció dels Serveis de Recursos Humans, [2002?] | ||
| 300 | |a [44] p. : |b il. col., taules, gràf. ; |c 21 x 30 cm | ||
| 650 | |a Treballadors |x Barcelona (Província) |9 21889 | ||
| 650 | 0 | |a Funcionaris i empleats locals |x Barcelona (Catalunya : Província) |9 21890 | |
| 710 | 1 | |a Barcelona (Catalunya : Província). |b Direcció dels Serveis de Recursos Humans |9 52859 | |
| 901 | |a Arxiu | ||
| 942 | |n 1 | ||
| 952 | |0 0 |1 0 |4 0 |6 FU4434 |7 1 |9 41911 |a Arxiu |b Arxiu |d 2016-12-01 |l 0 |o FU-44-34 |p 16771 |r 2016-12-01 00:00:00 |w 2016-12-01 |y ARXIU | ||
| 999 | |c 44358 |d 44358 | ||